| 000 | 00854nas a2200277 4500 | ||
|---|---|---|---|
| 001 | BR9503505 | ||
| 003 | BR-BrBNA | ||
| 005 | 20231205094046.0 | ||
| 007 | ta | ||
| 008 | 230509b bl.|||p| |||| 00| 00por d | ||
| 040 |
_aBR-BrBNA _bpor _cBiblioteca Nacional de Agricultura |
||
| 041 | _a(Pt) | ||
| 072 | _aH60 | ||
| 100 | 1 | _aCarvalho, N.M. de | |
| 100 | 1 | _aPissinatti, M.B. | |
| 245 | 1 | _aAvaliacao de residuo toxico em sementes de soja produzidas por plantas artificialmente dessecadas com paraquat (1,1' dimetil-4,4' bipiridilium + ion) | |
| 650 | _aSoja | ||
| 650 | _aSemente | ||
| 650 | _aHerbicida | ||
| 650 | _aToxidez | ||
| 650 | _aEfeito Residual | ||
| 650 | _aDessecante | ||
| 773 | 0 |
_tCientifica (Brazil) _xISSN 0100-0039 _g(1994), v. 22(1) p. 63-70 _wBR9503505 |
|
| 909 |
_a202311 _bLúcia _c55 _dLúcia Elande |
||
| 942 |
_2AGRIS _n0 _cANA |
||
| 999 |
_c141818 _d141818 |
||